UBT Library

Siguria e të dhënave gjatë komunikimit përmes NFC (Record no. 45971)

000 -LEADER
fixed length control field 00297nam a22001217a 4500
008 - FIXED-LENGTH DATA ELEMENTS--GENERAL INFORMATION
fixed length control field 180518b xxu||||| |||| 00| 0 eng d
041 ## - LANGUAGE CODE
Language code of text/sound track or separate title eng
080 ## - UNIVERSAL DECIMAL CLASSIFICATION NUMBER
Universal Decimal Classification number 043.3
100 ## - Rafti
Rafti 0
101 ## - Shkurtesa
Shkurtesa SHKI-BTH
245 ## - TITLE STATEMENT
Title Siguria e të dhënave gjatë komunikimit përmes NFC
Statement of responsibility, etc Morina,K
942 ## - ADDED ENTRY ELEMENTS (KOHA)
Source of classification or shelving scheme
Item type Books
Holdings
Withdrawn status Lost status Source of classification or shelving scheme Damaged status Not for loan Collection code Permanent location Current location Shelving location Date acquired Total Checkouts Full call number Barcode Date last seen Price effective from Koha item type
          Koleksioni i përgjithshem UBT - Lipjan UBT - Lipjan Disertacionet 05/18/2018   043.3 Morina,K 2015 002-30028309 05/18/2018 05/18/2018 Books
          Koleksioni i përgjithshem UBT - Lipjan UBT - Lipjan Disertacionet 05/18/2018   043.3 Morina,K 2015 002-3008314 05/18/2018 05/18/2018 Books
          Koleksioni i përgjithshem UBT - Lipjan UBT - Lipjan Disertacionet 05/18/2018   043.3 Morina,K 2015 002-3008319 05/18/2018 05/18/2018 Books
          Koleksioni i përgjithshem UBT - Lipjan UBT - Lipjan Disertacionet 05/18/2018   043.3 Morina,K 2015 002-3008324 05/18/2018 05/18/2018 Books
UBT Library © 2015-2024. All rights reserved University Education for Business and Technology